000 00438nam a2200193Ia 4500
005 20240823051155.0
008 240823s9999||||xx |||||||||||||| ||und||
020 _a978-81-264-3259-2
041 _aMALAYALAM
082 _A891.443 Q1
100 _aRaveendranath Tagore
245 0 _aVinodini
250 _a1st
260 _c2011
_b"D C Books,Kot"
500 _aYES
650 _aGeneral
_bGeneral
942 _cBK
999 _c218959
_d218959